logo

Bir Sreshtho Munshi Abdur Rouf Library
Jhenaidah Cadet College

Computerized literature searching : (Record no. 69)

MARC details
000 -LEADER
fixed length control field 00988nam a2200301 a 4500
001 - CONTROL NUMBER
JCCL Control Number 69
003 - CONTROL NUMBER IDENTIFIER
JCCL marc code BD-JhCC
005 - DATE AND TIME OF LATEST TRANSACTION
control field 20180122171311.0
008 - FIXED-LENGTH DATA ELEMENTS--GENERAL INFORMATION
fixed length control field 831102s1984 coua 001 0 eng
020 ## - INTERNATIONAL STANDARD BOOK NUMBER
International Standard Book Number 0865315264 :
Terms of availability $18.50 (est.)
035 ## - SYSTEM CONTROL NUMBER
system control number (BD-JhCC)69
040 ## - CATALOGING SOURCE
Original cataloging agency DLC
Transcribing agency DLC
Modifying agency DLC
-- BD-JhCC
041 ## - LANGUAGE CODE
Language code of Book eng
050 00 - LIBRARY OF CONGRESS CALL NUMBER
Classification number Z699
Item number .G56 1984
082 00 - DEWEY DECIMAL CLASSIFICATION NUMBER
Classification number 025.5/24
DDC Edition number 19
Author mark and Year GIL 1984
100 1# - MAIN ENTRY--PERSONAL NAME
Personal name Gilreath, Charles L.
245 10 - TITLE STATEMENT
Title Computerized literature searching :
Remainder of title research strategies and databases /
Statement of responsibility, etc Charles L. Gilreath.
260 ## - PUBLICATION, DISTRIBUTION, ETC. (IMPRINT)
Place of publication, distribution, etc Boulder, Colo. :
Name of publisher, distributor, etc Westview Press,
Date of publication, distribution, etc 1984.
300 ## - PHYSICAL DESCRIPTION
Pagination xiv, 177 p. :
Other physical details ill. ;
Dimensions 24 cm.
440 #0 -
Title Westview special studies in information science and management
500 ## - GENERAL NOTE
General note Includes index.
650 #0 - SUBJECT ADDED ENTRY--TOPICAL TERM
Topical term or geographic name as entry element Online bibliographic searching.
650 #0 - SUBJECT ADDED ENTRY--TOPICAL TERM
Topical term or geographic name as entry element Machine-readable bibliographic data.
650 #0 - SUBJECT ADDED ENTRY--TOPICAL TERM
Topical term or geographic name as entry element Information retrieval.
650 #0 - SUBJECT ADDED ENTRY--TOPICAL TERM
Topical term or geographic name as entry element Research
General subdivision Methodology
-- Data processing.
942 ## - ADDED ENTRY ELEMENTS (KOHA)
Source of classification or shelving scheme Dewey Decimal Classification
Koha item type Books
Holdings
Source of classification or shelving scheme Damaged status Not for loan Home library Current library Shelving location Date of accession Total Checkouts Full call number Barcode Date last seen Copy number Koha item type
Dewey Decimal Classification     JCC Rouf Library JCC Rouf Library General Stacks 09/26/2017   025.5/24 GIL 1984 386 09/26/2017 C-1 Books

JCC Library | Contacts | JCC Home

Last Update on 23 September 2017
Copyright @ 2017-2020 JCC Rouf Library
Rouf Library, Jhenidah Cadet College (JCC), Bangladesh